000 00793nas a2200265 4500
001 BR9510160
003 BR-BrBNA
005 20231205095542.0
007 ta
008 230509b bl.|||p| |||| 00| 00por d
040 _aBR-BrBNA
_bpor
_cBiblioteca Nacional de Agricultura
041 _a(Pt)
072 _aL73
100 1 _aVidor, T.
100 1 _aLaan, C.W. van der
100 1 _aRibeiro, C.L.G.
100 1 _aGoncalves, A. da R.
245 1 _aPeste suina classica: acao termica da amostra chinesa Porto Alegre (CPA)em coelhos
650 _aCoelho
650 _aPeste Suina
650 _aRio Grande do Sul
773 0 _tCiencia Rural (Brazil)
_xISSN 0103-8478
_g(May-Aug 1995), v. 25(2) p. 255-259
_wBR9510160
909 _a202311
_bLúcia
_c55
_dLúcia Elande
942 _2AGRIS
_n0
_cANA
999 _c151327
_d151327